| 000 | 00380 a2200157 4500 | ||
|---|---|---|---|
| 005 | 20250618113803.0 | ||
| 020 | _a81-259-1162-6 | ||
| 082 | _a658.8 SAH | ||
| 100 | _aSAHU, K. P | ||
| 245 | _aSalesmanship and Sales Management | ||
| 250 | _a3rd Ed. | ||
| 260 |
_aNew Delhi _bVikas Publishing House _c2010 |
||
| 300 |
_a322p _bIndex _c24cm |
||
| 700 | _aK.C. Raut | ||
| 942 |
_2ddc _cBKS |
||
| 999 |
_c4286 _d4286 |
||